Religión y proyecto político en Centroamérica
Analiza las relaciones entre Iglesia y sociedad en Centroamérica en el escenario de la crisis socioeconómica y política de los últimos años (los casos de Nicaragua, El Salvador y Guatemala) - caracteriza las tres modalidades que ha asumido la relación Iglesia - Sociedad durante los últimos 40 años d...
Uloženo v:
| Hlavní autor: | |
|---|---|
| Médium: | Text |
| Vydáno: |
San José:
CSUCA
|
| Tagy: |
Přidat tag
Žádné tagy, Buďte první, kdo vytvoří štítek k tomuto záznamu!
|
MARC
| LEADER | 00000 a a2200000 04500 | ||
|---|---|---|---|
| 001 | 20780 | ||
| 003 | |||
| 040 | |||
| 090 | |a 088600 | ||
| 100 | |a Opazo Bernales, Andrés | ||
| 245 | |a Religión y proyecto político en Centroamérica | ||
| 260 | |a San José: |b CSUCA | ||
| 300 | |a 58 p. | ||
| 520 | |a Analiza las relaciones entre Iglesia y sociedad en Centroamérica en el escenario de la crisis socioeconómica y política de los últimos años (los casos de Nicaragua, El Salvador y Guatemala) - caracteriza las tres modalidades que ha asumido la relación Iglesia - Sociedad durante los últimos 40 años desde el papel que adopta como regulador y legitimador del sistema de dominación hasta el despertar de la protesta popular, en que sectores de la Iglesia legitiman y dinamizan la rebelión ante el orden establecido. Caracteriza los papeles que a jugado la conciencia religiosa a través de la evolución histórica de la sociedad. Relaciona la función de la religión con el carácter que asume el desarrollo económico, social y político, y vincula la iglesia del pueblo con la revolución | ||
| 999 | |c 15146 |d 15146 | ||
